000 00475nam a2200145Ia 4500
008 090124s9999 xx 000 0 und d
082 _b402946
245 _a समाजसेवक नामदार गोखले
250 _a1
260 _bदेवळे श.रा.
_c1994
300 _a32
630 _a समाजसेवक नामदार गोखले
730 _a समाजसेवक नामदार गोखले
942 _cBOOK
999 _c199408
_d199408